01350nab a22002537a 4500999001500000003000400015005001700019008004100036040000700077100002700084245007100111260007300182300001300255500004400268505039600312505009000708650002400798650003900822650002200861650002200883650003200905773014600937942001301083 c5439d5439OSt20250909103430.0190604e xxu||||| |||| 00| 0 spa d cPJ 96448aTito, Verónica13aLa nueva reglamentación de los hidrocarburos /cVerónica Tito. aCiudad Autónoma de Buenos Aires :bThomson Reuters La Ley, c2025. ap. 82-92 aCita Online: TR LALEY AR/DOC/492/2025.  aSumario: I. Introducción.— II. Anexo I dec. 1057/2024. Reglamentación de los arts. 101 a 152 del capítulo I del Título VI de la ley 27.742.— III. Anexo II dec. 1057/2024. Reglamentación de los arts. 153 a 158 del capítulo II del Título VI de la ley 27.742.— IV. Anexo III dec. 1057/2024. Reglamentación del art. 163 del capítulo VI del Título VI de la ley 27.742.  t¿Te interesa el texto completo? Solicitalo al correo: koha@justierradelfuego.gov.ar  093979aHIDROCARBUROS 096432aEXPLOTACION DE HIDROCARBUROS 096449aGAS NATURAL 096430aINVERSIONES 094531aDECRETO REGLAMENTARIO0 0271493171dCiudad Autónoma de Buenos Aires : Thomson Reuters La Ley, 2014-tRevista anales de legislación argentina. Nº 4 - Abril 2025. 2udccANA